1M+ cities of the world by letter - D - Statistics

General Stats
  • This quiz has been taken 1,699 times
    1,369 since last reset
  • The average score is 19 of 31
Answer Stats
Country Population City % Correct
India 34.60 mil Delhi
99%
United Arab Emirates 5.95 mil Dubai
98%
Senegal 3.92 mil Dakar
97%
Bangladesh 22.50 mil Dhaka
97%
Ireland 1.53 mil Dublin
97%
Syria 3.87 mil Damascus
96%
Qatar 2.60 mil Doha
95%
United States 7.65 mil Dallas
93%
Tanzania 6.25 mil Dar es Salaam
92%
United States 5.75 mil Detroit
88%
United States 3.85 mil Denver
87%
South Africa 3.85 mil Durban
87%
Tajikistan 1.25 mil Dushanbe
84%
Ukraine 1.41 mil Donetsk
77%
Ukraine 1.33 mil Dnipro
69%
Cameroon 3.77 mil Douala
67%
South Korea 2.72 mil Daegu
63%
Vietnam 1.46 mil Da Nang
59%
Saudi Arabia 2.82 mil Dammam
57%
China 5.30 mil Dalian
56%
Philippines 1.68 mil Davao
51%
Indonesia 1.19 mil Denpasar
42%
South Korea 1.52 mil Daejeon
37%
Turkey 1.08 mil Diyarbakır
24%
China 1.95 mil Datong
18%
China 1.85 mil Daqing
13%
India 1.46 mil Dhanbad
12%
China 1.31 mil Dazhou
8%
China 1.24 mil Dezhou
7%
India 1.04 mil Dehra Dun
6%
China 1.03 mil Dongying
4%
No matching quizzes found
Score Distribution
Percent of People with Each Score
Percentile by Number Answered
Your Score History
You have not taken this quiz since the last reset